APLEY'S SYSTEM OF ORTHOPEDICS AND FRACTURES (Record no. 14595)

MARC details
000 -LEADER
fixed length control field 00309nam a22001337a 4500
003 - CONTROL NUMBER IDENTIFIER
control field SGT
082 ## - DEWEY DECIMAL CLASSIFICATION NUMBER
Classification number 617.3
Item number A15S
100 ## - MAIN ENTRY--PERSONAL NAME
Personal name SOLOMON, LOUIS
245 ## - TITLE STATEMENT
Title APLEY'S SYSTEM OF ORTHOPEDICS AND FRACTURES
260 ## - PUBLICATION, DISTRIBUTION, ETC. (IMPRINT)
Place of publication, distribution, etc LONDON
Name of publisher, distributor, etc CRC PRESS
Year of Publication 2015
300 ## - PAGE DESCRIPTION
No. of Pages 974
650 ## - SUBJECT ADDED ENTRY--TOPICAL TERM
Topical term or geographic name as entry element ORTHOPEDIC
942 ## - ADDED ENTRY ELEMENTS (KOHA)
Source of classification or shelving scheme Dewey Decimal Classification
Koha item type Books
942 ## - ADDED ENTRY ELEMENTS (KOHA)
-- 9
Holdings
Withdrawn status Lost status Source of classification or shelving scheme Damaged status Not for loan Collection code Home library Current library Shelving location Date acquired Vendor Name SGTU Bill Number Total Checkouts Full call number Accession No. (Barcode) Date last seen Bill Date Koha item type Date last borrowed
    Dewey Decimal Classification     MEDICAL SGT Medical Library SGT Medical Library Reference Book 17/01/2018 ABC SGTU 8707   617.3 A15S FM9409 17/01/2018 08/07/2017 Books  
    Dewey Decimal Classification     MEDICAL SGT Medical Library SGT Medical Library Reference Book 17/01/2018 ABC SGTU 8707 12 617.3 A15S FM9410 15/05/2026 08/07/2017 Books 15/05/2026